| 000 | 00559nam a2200157 i 4500 | ||
|---|---|---|---|
| 001 | 37494 | ||
| 003 | ES-MaACL | ||
| 005 | 20230906155602.0 | ||
| 007 | t| | ||
| 008 | 030310s1972 sp ||||1| spa d | ||
| 245 | 0 | 0 |
_aClĂnica _b: memoria de la Academia de Alumnos Internos de la Facultad de Medicina de Valladolid. |
| 260 |
_aValladolid : _bFacultad de Medicina, Academia de Alumnos Internos, _c[1972] |
||
| 300 |
_aP. 133-234 : _bil. ; _c21 cm. |
||
| 710 | 2 |
_aUniversidad de Valladolid. _bFacultad de Medicina. _97346 |
|
| 852 |
_aES-MaACL _jC-46190 _bR.81662 |
||
| 999 |
_c37494 _d37494 |
||